LIBRARY ONLINE CATALOGUE

Home health care : (Record no. 20413)

MARC details
000 -LEADER
fixed length control field 00443nam a22001457a 4500
008 - FIXED-LENGTH DATA ELEMENTS--GENERAL INFORMATION
fixed length control field 231124b |||||||| |||| 00| 0 eng d
020 ## - INTERNATIONAL STANDARD BOOK NUMBER
International Standard Book Number 190468548x
050 ## - LIBRARY OF CONGRESS CALL NUMBER
Classification number RA645.3
Item number .W55 2007
100 ## - MAIN ENTRY--PERSONAL NAME
Personal name Willis, Richard J. B.
245 ## - TITLE STATEMENT
Title Home health care :
Remainder of title simple measures for emergencies in the home/
Statement of responsibility, etc. Richard J. B. Willis
260 ## - PUBLICATION, DISTRIBUTION, ETC. (IMPRINT)
Place of publication, distribution, etc. Grantham
Name of publisher, distributor, etc. Stanborough Press
Date of publication, distribution, etc. 2009
300 ## - PHYSICAL DESCRIPTION
Extent 105p.
700 ## - ADDED ENTRY--PERSONAL NAME
Personal name Wilby, John M.
942 ## - ADDED ENTRY ELEMENTS (KOHA)
Source of classification or shelving scheme Library of Congress Classification
Koha item type General Collection
Holdings
Withdrawn status Lost status Source of classification or shelving scheme Not for loan Home library Current library Date acquired Cost, normal purchase price Total Checkouts Full call number Barcode Date last seen Price effective from Koha item type
    Library of Congress Classification   Kabarak, Main Campus Kabarak, Main Campus 24/11/2023 2400.00   RA645.3 .W55 2007 c.1 34287 24/11/2023 24/11/2023 General Collection